000 00821nam a2200265Ia 4500
003 OSt
005 20220928121916.0
006 a|||||r|||| 00| 0
007 ta
008 220927b |||||||| |||| 00| 0 eng d
020 _c12735.65
024 _a129797
037 _b155, 08/03/2016, Aviva Books Company
_cTextual
040 _aSDCL
_cSDCL
_beng
041 _2eng
_aeng
082 _aB28931(D6), Q6
100 _aFriesz Terry L.
_9454784
245 0 _aFoundations of network optimization and games
260 _aNew York
_b Springer
_c2016
300 _axiii,504p
_ccm.
650 _aOperational Research
700 _a Bernstein David
_9454785
942 _hB28931(D6), Q6
_cTEXL
_2CC
999 _c768508
_d768508